000 00380nam a2200157Ia 4500
008 230711s9999||||xx |||||||||||||| ||und||
041 _aENG
082 _a629.8
_bKU-C
100 _aA.Anand Kumar
245 0 _aControl systems
250 _a1st Ed.
260 _c2007
_aNew Delhi
_bPHI Learning Private Limited
300 _a697
650 _aElectrical Engineering
942 _cBK
999 _c4830
_d4830